| 000 | 00520nam a22001937a 4500 | ||
|---|---|---|---|
| 003 | CEME | ||
| 005 | 20210628210239.0 | ||
| 008 | 210216b xxu||||| |||| 00| 0 eng d | ||
| 020 | _a0-7106-1909-X | ||
| 040 | _c. | ||
| 082 | _a355-JLBAD JAN | ||
| 100 |
_aCullen, Tony Foss, Christopher.F _978723 |
||
| 245 | _aJanes land-based air defence 1999-2000 | ||
| 250 | _a20TH | ||
| 260 |
_aUSA _bJANES INFORMATION GROUP _c1999 |
||
| 300 | _a380P | ||
| 650 |
_aAIR DEFENCE LAND-BASED AIR DEFENCE _978724 |
||
| 942 |
_cBK _2ddc |
||
| 999 |
_c583814 _d583814 |
||